| LEADER |
01513ngm0a2200301 450 |
| 001 |
16846947 |
| 100 |
|
|
|a 20240426d2024 u u0frey01 ba
|
| 101 |
1 |
|
|a eng
|c eng
|
| 102 |
|
|
|a CA
|
| 200 |
0 |
|
|a Dune : deuxième partie
|d Dune : part two
|f Denis Villeneuve, réal.
|g Frank Herbert, adapt. - Hans Zimmer, comp. - Jon Spaihts, Denis Villeneuve, scénario - Timothée Chalamet, Zendaya, Rebecca Ferguson, Javier Bardem, Josh Brolin, Austin Butler, ... [et al.] act.
|
| 207 |
|
1 |
|a
|
| 210 |
|
|
|a Etats-Unis
|c Warner Bros.
|d 2024
|
| 215 |
|
|
|a 1 DVD vidéo monoface zone 2 (2 h 42 min)
|c 2.39:1, 16/9, n. et b. et coul., (PAL), Son. (Dolby Digital 5.1; anglais; frança
|
| 300 |
|
|
|a Langues principales : anglais, français; Sous-titres : français
|
| 330 |
|
|
|a Paul Atreides s'unit à Chani et aux Fremen pour mener la révolte contre ceux qui ont anéanti sa famille. Hanté par de sombres prémonitions, il se trouve confronté au plus grand des dilemmes : choisir entre l'amour de sa vie et le destin de l'univers.
|
| 700 |
|
0 |
|a Villeneuve
|b Denis
|4 370
|
| 702 |
|
0 |
|a Herbert
|b Frank
|f 1920-1986
|4 100
|
| 702 |
|
0 |
|a Spaihts
|b Jon
|4 690
|
| 702 |
|
0 |
|a Zimmer
|b Hans
|4 230
|
| 702 |
|
0 |
|a Chalamet
|b Timothée
|4 5
|
| 702 |
|
0 |
|a Zendaya
|4 5
|
| 702 |
|
0 |
|a Ferguson
|b Rebecca
|4 5
|
| 702 |
|
0 |
|a Bardem
|b Javier
|4 5
|
| 702 |
|
0 |
|a Brolin
|b Josh
|4 5
|
| 702 |
|
0 |
|a Butler
|b Austin
|4 5
|
| 900 |
|
|
|a Film
|
| 901 |
|
|
|a Accessible au prêt
|
| 995 |
|
|
|a Bibliothèque
|c Bibliothèque
|f 00156011851946
|h 00156011851946
|k F VIL
|o p
|q a
|r gd
|e Bibliothèque
|